000 00533nam a2200181Ia 4500
008 151018s9999 xx 000 0 und d
082 _bRBASDV33961
_a891.463
100 _aअविनाश भट्ट
245 _aरँम्बो
250 _b1
260 _bपुष्प प्रकाशन पुणे
_c2000
300 _a175
600 _aअविनाश भट्ट
630 _aरँम्बो
700 _aअविनाश भट्ट
730 _aरँम्बो
942 _cBOOK
999 _c1033462
_d1033459